[Event "British Columbia-ch"]
[Site "Vancouver"]
[Date "2009.10.09"]
[Round "1"]
[White "Milicevic, Dragoljub"]
[Black "McLaren, Brian"]
[Result "1-0"]
[WhiteElo "2212"]
[BlackElo "2217"]
[PlyCount "75"]
[EventDate "2009.10.09"]
[EventType "tourn"]
[EventRounds "7"]
[EventCountry "CAN"]
[SourceTitle "EXT 2011"]
[Source "ChessBase"]
[SourceDate "2010.11.26"]
[SourceVersion "1"]
[SourceVersionDate "2010.11.26"]
[SourceQuality "1"]

1. c4 f5 2. d4 Nf6 3. g3 e6 4. Bg2 c6 5. Nf3 d5 6. b3 Bd6 7. 0-0 Qe7 8. Bb2 0-0 9. e3 Nbd7 10. Ne5 Rd8 11. f4 Ne4 12. Nxd7 Bxd7 13. Nd2 Be8 14. Nxe4 dxe4 15. a3 b5 16. Qc2 c5 17. b4 cxb4 18. c5 Bc7 19. axb4 a5 20. bxa5 Bxa5 21. Rfb1 Bc6 22. Bc3 Bxc3 23. Qxc3 Qd7 24. Bf1 h6 25. h4 Kh7 26. Kf2 Rdb8 27. Be2 Rxa1 28. Rxa1 Kg6 29. Qb4 Kf6 30. Ra6 g5 31. Rb6 Rb7 32. Qb2 Rxb6 33. cxb6 Qd5 34. Qb4 gxh4 35. Qf8+ Kg6 36. gxh4 Qd7 37. Qg8+ Kf6 38. Qh8+ 1-0

[Event "Keres Memorial 34th"]
[Site "New Westminster"]
[Date "2009.05.16"]
[Round "3"]
[White "Milicevic, Dragoljub"]
[Black "Piasetski, Leon David"]
[Result "1/2-1/2"]
[WhiteElo "2166"]
[BlackElo "2424"]
[PlyCount "33"]
[EventDate "2009.05.15"]
[EventType "swiss"]
[EventRounds "7"]
[EventCountry "CAN"]
[SourceTitle "EXT 2011"]
[Source "ChessBase"]
[SourceDate "2010.11.26"]
[SourceVersion "1"]
[SourceVersionDate "2010.11.26"]
[SourceQuality "1"]

1. Nf3 g6 2. g3 Bg7 3. d4 f5 4. Bg2 Nf6 5. 0-0 0-0 6. c4 c6 7. b4 Na6 8. Bb2 Ne4 9. e3 b5 10. Nbd2 bxc4 11. Nxc4 Nc7 12. Qc2 Ba6 13. Rfd1 Rc8 14. Nfe5 Qe8 15. f3 Nf6 16. Re1 Ncd5 17. e4 1/2-1/2

[Event "Vancouver Leap Year op"]
[Site "Vancouver"]
[Date "2008.02.29"]
[Round "1.4"]
[White "Milicevic, Dragoljub"]
[Black "Botez, Alexandra"]
[Result "1-0"]
[WhiteElo "2143"]
[BlackElo "1841"]
[PlyCount "63"]
[EventDate "2008.02.29"]
[EventType "swiss"]
[EventRounds "5"]
[EventCountry "CAN"]
[SourceTitle "EXT 2011"]
[Source "ChessBase"]
[SourceDate "2010.11.26"]
[SourceVersion "1"]
[SourceVersionDate "2010.11.26"]
[SourceQuality "1"]

1. Nf3 f5 2. c4 g6 3. Nc3 Bg7 4. d4 Nf6 5. g3 d6 6. Bg2 0-0 7. 0-0 Qe8 8. d5 a5 9. Re1 Na6 10. e4 fxe4 11. Nxe4 Nxe4 12. Rxe4 Bf5 13. Re1 Nc5 14. Bg5 e5 15. dxe6 Bxe6 16. Nd4 Bxd4 17. Qxd4 Qf7 18. Rac1 Rab8 19. Bh6 Rfe8 20. Re3 Nd7 21. f4 Nf6 22. h3 b5 23. Bg5 Kg7 24. cxb5 Re7 25. a4 h6 26. Rce1 hxg5 27. fxg5 Rf8 28. g4 Rfe8 29. Rf1 Kh7 30. gxf6 c5 31. bxc6 Rc7 32. Rfe1 1-0

[Event "British Columbia-ch"]
[Site "Vancouver "]
[Date "2006.10.09"]
[Round "7"]
[White "Milicevic, Dragoljub"]
[Black "Wu, Howard"]
[Result "0-1"]
[WhiteElo "2142"]
[BlackElo "2178"]
[PlyCount "110"]
[EventDate "2006.10.06"]
[EventType "tourn"]
[EventRounds "7"]
[EventCountry "CAN"]
[SourceTitle "EXT 2008"]
[Source "ChessBase"]
[SourceDate "2007.11.25"]
[SourceVersion "1"]
[SourceVersionDate "2007.11.25"]
[SourceQuality "1"]

1. g3 c5 2. Bg2 Nc6 3. Nc3 g6 4. d3 Bg7 5. f4 d6 6. Nf3 e6 7. 0-0 Nge7 8. Be3 0-0 9. Bf2 Rb8 10. Qd2 b5 11. e4 b4 12. Nd1 a5 13. Re1 e5 14. c3 bxc3 15. bxc3 Be6 16. Rc1 c4 17. d4 exd4 18. Nxd4 Nxd4 19. cxd4 d5 20. e5 Nc6 21. Ne3 Nb4 22. Bf1 Qd7 23. a3 Nc6 24. Bg2 Rb3 25. Rc3 Rfb8 26. g4 Rxc3 27. Qxc3 Rb3 28. Qd2 Rd3 29. Qc2 Nxd4 30. Nxd5 Bxd5 31. Bxd4 Qxg4 32. Bc5 Qxg2+ 33. Qxg2 Bxg2 34. Kxg2 Bf8 35. Bxf8 Kxf8 36. Re4 c3 37. Rc4 Rd2+ 38. Kg3 c2 39. h4 Ke7 40. Kf3 Ke6 41. Ke3 Rh2 42. Kd3 Kf5 43. a4 h5 44. Ke3 Rh3+ 45. Kd2 Rxh4 46. Rc5 Rxf4 47. Rxa5 Rc4 48. Kc1 h4 49. Ra8 h3 50. Rh8 Kg4 51. Rh7 Rxa4 52. Rxf7 Re4 53. Rf6 g5 54. e6 h2 55. Rh6 Re1+ 0-1

[Event "British Columbia-ch"]
[Site "Vancouver "]
[Date "2006.10.08"]
[Round "5"]
[White "Berry, Jonathan"]
[Black "Milicevic, Dragoljub"]
[Result "1/2-1/2"]
[WhiteElo "2257"]
[BlackElo "2142"]
[PlyCount "31"]
[EventDate "2006.10.06"]
[EventType "tourn"]
[EventRounds "7"]
[EventCountry "CAN"]
[SourceTitle "EXT 2008"]
[Source "ChessBase"]
[SourceDate "2007.11.25"]
[SourceVersion "1"]
[SourceVersionDate "2007.11.25"]
[SourceQuality "1"]

1. e4 d5 2. exd5 Nf6 3. d4 Nxd5 4. Nf3 Bg4 5. h3 Bf5 6. Be2 Nb4 7. Na3 e6 8. c3 Nd5 9. Nc4 Nc6 10. 0-0 Be7 11. Re1 0-0 12. Bf1 h6 13. a4 a5 14. Ne3 Nxe3 15. Bxe3 Bf6 16. Bf4 1/2-1/2

[Event "British Columbia-ch"]
[Site "Vancouver "]
[Date "2006.10.07"]
[Round "3"]
[White "Jiang, Louie"]
[Black "Milicevic, Dragoljub"]
[Result "1/2-1/2"]
[WhiteElo "1965"]
[BlackElo "2142"]
[PlyCount "120"]
[EventDate "2006.10.06"]
[EventType "tourn"]
[EventRounds "7"]
[EventCountry "CAN"]
[SourceTitle "EXT 2008"]
[Source "ChessBase"]
[SourceDate "2007.11.25"]
[SourceVersion "1"]
[SourceVersionDate "2007.11.25"]
[SourceQuality "1"]

1. e4 d5 2. exd5 Nf6 3. d4 Nxd5 4. c4 Nb6 5. Nc3 g6 6. Be3 Bg7 7. Nf3 0-0 8. Be2 Nc6 9. Rc1 Bg4 10. d5 Bxf3 11. Bxf3 Ne5 12. b3 e6 13. 0-0 exd5 14. Nxd5 Nxf3+ 15. Qxf3 Nxd5 16. cxd5 Be5 17. Rfd1 b6 18. Bd4 Bxd4 19. Rxd4 c5 20. Rf4 Qd6 21. Rd1 Rad8 22. g3 f5 23. Qd3 Rfe8 24. Ra4 a5 25. f4 Re7 26. Rc4 Red7 27. Qf3 b5 28. Rc2 c4 29. bxc4 Rc8 30. Rdc1 bxc4 31. Rxc4 Rxc4 32. Rxc4 Qxd5 33. Qxd5+ Rxd5 34. a4 Kf7 35. Rc7+ Ke6 36. Rxh7 Rd4 37. Ra7 Rxa4 38. Ra6+ Kf7 39. Ra7+ Kf6 40. Ra6+ Kg7 41. h3 Ra2 42. g4 fxg4 43. hxg4 Ra4 44. g5 Ra2 45. Ra7+ Kf8 46. Ra8+ Ke7 47. Ra6 Kf7 48. Ra7+ Ke6 49. Ra6+ Kf5 50. Rf6+ Kg4 51. Rxg6 Kxf4 52. Kf1 a4 53. Ke1 a3 54. Ra6 Ke3 55. Kd1 Kd3 56. Rd6+ Kc3 57. Rc6+ Kb3 58. Rb6+ Kc4 59. Kc1 Ra1+ 60. Rb1 Ra2 1/2-1/2

[Event "British Columbia op"]
[Site "Victoria"]
[Date "2003.10.12"]
[Round "2"]
[White "Moore, Harry"]
[Black "Milicevic, Dragoljub"]
[Result "1/2-1/2"]
[WhiteElo "2270"]
[BlackElo "2187"]
[PlyCount "117"]
[EventDate "2003.10.10"]
[EventType "swiss"]
[EventRounds "7"]
[EventCountry "CAN"]
[SourceTitle "EXT 2005"]
[Source "ChessBase"]
[SourceDate "2004.11.15"]
[SourceVersion "1"]
[SourceVersionDate "2004.11.15"]
[SourceQuality "1"]

1. e4 g6 2. d4 Bg7 3. Nc3 d6 4. Nf3 Nd7 5. Bc4 e6 6. Bg5 Ne7 7. Qd2 h6 8. Be3 a6 9. 0-0 b5 10. Bb3 Bb7 11. d5 e5 12. a4 b4 13. Na2 a5 14. c3 Nc5 15. Bxc5 dxc5 16. cxb4 cxb4 17. Rac1 0-0 18. Rc5 c6 19. d6 Nc8 20. d7 Nb6 21. Rd1 Qe7 22. Qd6 Qxd6 23. Rxd6 Rfd8 24. Nxe5 Bxe5 25. Rxe5 Kf8 26. Re8+ Rxe8 27. dxe8Q+ Rxe8 28. f3 Ke7 29. e5 Nd7 30. f4 Nc5 31. Nc1 Rc8 32. Bc2 Rd8 33. Rxd8 Kxd8 34. Nb3 Nxb3 35. Bxb3 Ke7 36. Bc4 Bc8 37. Kf2 Be6 38. Bxe6 Kxe6 39. Ke3 Kd5 40. b3 h5 41. g3 c5 42. Kd3 c4+ 43. bxc4+ Kc5 44. h3 b3 45. Kc3 b2 46. Kxb2 Kxc4 47. Kc2 Kd4 48. Kb3 Kd3 49. g4 hxg4 50. hxg4 Ke4 51. Kc4 Kxf4 52. Kb5 Kxg4 53. Kxa5 Kf5 54. Kb5 g5 55. a5 g4 56. a6 g3 57. a7 g2 58. a8Q g1Q 59. Qd5 1/2-1/2

[Event "Keres Memorial 28th"]
[Site "Vancouver"]
[Date "2003.05.19"]
[Round "7"]
[White "Niksic, John"]
[Black "Milicevic, Dragoljub"]
[Result "1/2-1/2"]
[WhiteElo "2093"]
[BlackElo "2247"]
[PlyCount "109"]
[EventDate "2003.05.16"]
[EventType "swiss"]
[EventRounds "7"]
[EventCountry "CAN"]
[SourceTitle "CBM 094 Extra"]
[Source "ChessBase"]
[SourceDate "2003.07.09"]
[SourceVersion "2"]
[SourceVersionDate "2003.07.09"]
[SourceQuality "1"]

1. d4 f5 2. g3 g6 3. Bg2 Nf6 4. Nf3 Bg7 5. 0-0 0-0 6. c4 d6 7. Nc3 c6 8. b3 Qe8 9. Bb2 h6 10. Ne1 e5 11. dxe5 dxe5 12. e4 f4 13. Nd3 g5 14. f3 fxg3 15. hxg3 Nh5 16. Ne2 Na6 17. Qc2 Nc7 18. Rad1 Qe7 19. Qc1 b6 20. Qa1 Re8 21. Rd2 a5 22. a3 Ba6 23. Bh3 Bc8 24. Bxc8 Raxc8 25. Rfd1 Na6 26. Bc3 c5 27. Kg2 Nb8 28. Rh1 Nf6 29. g4 Nc6 30. Ng3 Rcd8 31. Nf5 Qf8 32. Qb2 Nd4 33. Bxd4 exd4 34. Re2 Re6 35. Qd2 Rde8 36. Nf2 Nd7 37. Nd3 Nb8 38. Ree1 Nc6 39. a4 Ne7 40. Kf2 Rg6 41. Re2 Nc6 42. Ke1 Be5 43. Kd1 Qf6 44. Rh3 Re6 45. Re1 Nb4 46. Reh1 Nxd3 47. Qxd3 Qf8 48. Kc2 Bg7 49. R3h2 Qb8 50. Rh3 Qf4 51. Kd1 Kh7 52. Qd2 Qe5 53. Qd3 Bf8 54. Kc2 Qf4 55. Kd1 1/2-1/2